00374nam a22001097a 4500999001500000008004100015245009700056260005800153300002600211650001200237942001500249 c7077d7077200417b ||||| |||| 00| 0 eng d aTanzania National Panel Survey:bReport- Wave 1, 2008-2009/cMinistry of Finance.-hEnglish. aDar Es Salaam:bNational Bureau of Statistics,c2010. av, 90p;bill;c30cm.- 2SURVEYS 2ddccBOOKS